Do You Know 1D Quiz Stats

 Plays Quiz not verified by Sporcle

Challenge
Share
Tweet
Embed
Score 0/11 Timer 15:00
1 Play Today
Hint Answer % Correct
who is the youngestharry
97.7%
who is the oldestlouis
97.7%
who likes bananasharry
97.7%
who is the cheecky boyharry
97.7%
who is the sass masterlouis
97.7%
who is bad boyzayn
95.3%
who is the 'dad'LIAM
95.3%
who eats alotniall
90.7%
who is the greedy boynia;;
90.7%
who is eleanor calderlouis girlfriend
81.4%
who is perrie edwardszayn girlfriend
58.1%

You're not logged in!

Compare scores with friends on all Sporcle quizzes.
OR
Log In

You Might Also Like...

Show Comments

Extras

Created Dec 8, 2014ReportNominate

Top Quizzes Today


Score Distribution

Your Account Isn't Verified!

In order to create a playlist on Sporcle, you need to verify the email address you used during registration. Go to your Sporcle Settings to finish the process.

Report this User

Report this user for behavior that violates our Community Guidelines.

Details: